The mutation

Bibliographic Details
Main Author: Applegate, K.A
Format: Book
Published: New York : Scholastic Inc. , 1999
Series:Animorphs
Subjects:

MARC

LEADER 00000cam a2200000 7i4500
001 0000052844
002 000023311
005 20020401.0
020 |a 0439106753 
090 0 0 |a JF   |b APP 
100 1 |a Applegate, K.A 
245 1 4 |a The mutation   |c K.A. Applegate 
260 |a New York :   |b Scholastic Inc. ,   |c 1999 
300 |a 142p. ;   |c 19cm. 
490 0 |a Animorphs 
650 0 0 |a Science fiction 
999 |a 133547   |b BUKU   |c PINJAMAN   |e PERPUSTAKAAN KOMUNITI PETALING JAYA 
999 |a 133548   |b BUKU   |c PINJAMAN   |e PERPUSTAKAAN KOMUNITI PETALING JAYA